Sanat - "Jouluilta" - Statistics

Yleistilastot
  • Tätä visaa on pelattu 21 kertaa
  • Keskiarvotulos 11 / 52
Vastaustilastot
Vastaus % Oikein
joulu
100%
joulu
100%
joulu
100%
on
71%
on
71%
on
71%
aikoinaan
29%
itämaan
29%
ja
29%
josta
29%
joulurauhaa
29%
juhla
29%
juuri
29%
Kaikkialla
29%
kellot
29%
kirkas
29%
lasten
29%
lasten
29%
puahaa
29%
riemastuivat
29%
suuri
29%
syttyy
29%
tähti
29%
tähti
29%
Taivahalla
29%
toivotellen
29%
verraton
29%
viisaat
29%
alle
0%
hangen
0%
hauska
0%
joululaulut
0%
juhlayöks
0%
kaikkien
0%
karkeloi
0%
kirkkaat
0%
koska
0%
Kuusi
0%
lasta
0%
laulaa
0%
maat
0%
muistakaamme
0%
nukkuneet
0%
olla
0%
permannolla
0%
piiri
0%
saamme
0%
Seimen
0%
seisoo
0%
soi
0%
taasen
0%
veet
0%
Ehtoja vastaavia visoja ei löytynyt
Tulosjakauma
Jokaisen tuloksen saaneiden osuus
Persentiili vastausten määrän mukaan
Tuloshistoriasi
Et ole pelannut tätä visaa